| 000 | 00000nam##2200000za#4500 |
| 001 | 9.600835 |
| 003 | CaOODSP |
| 005 | 20210624205758 |
| 007 | cr ||||||||||| |
| 008 | 150406|1995||||xxc|||||o f|0| 0 fre|d |
| 040 | |aCaOODSP|bfre |
| 043 | |an-cn--- |
| 086 | 1 |aCW69-1/88F-PDF |
| 110 | 2 |aService canadien de la faune. |
| 245 | 10|aExamen des impacts environnementaux de la grenaille et des plombs de pêche en plomb au Canada / |h[ressource électronique]|c[par] A.M. Scheuhammer et S.L. Norris. |
| 260 | |bEnvironnement Canada. |c1995. |
| 300 | |a60p.|bgraphiques, cartes, références, tableaux |
| 490 | 1 |aPublication hors série - Service canadien de la faune|vN° 88 |
| 500 | |aLe nº de catalogue (CW69-1/88F),l'ISBN (0662-80426-0) et l'ISSN (0701-7944) de l'édition imprimée ont été incorrectement copiés dans cette édition électronique. |
| 590 | |a11-29-Supp|b2011-11-25 |
| 720 | 1 |aScheuhammer, A. M. |
| 720 | 1 |aNorris, S. L. |
| 775 | 08|tA review of the environmental impacts of lead shotshell ammunition and lead fishing weights in Canada / |w(CaOODSP)9.570058 |
| 776 | 0#|tExamen des impacts environnementaux de la grenaille et des plombs de pêche en plomb au Canada / |w(CaOODSP)9.623447 |
| 830 | #0|aPublication hors-série (Service canadien de la faune)|vN° 88|w(CaOODSP)9.501188 |
| 856 | 40|ahttp://publications.gc.ca|qPDF|s737 Ko|uhttps://publications.gc.ca/collections/collection_2011/ec/CW69-1-88-fra.pdf|yN° 88 |